000 00660nam a22002177a 4500
005 20260428123822.0
008 260428b |||||||| |||| 00| 0 eng d
020 _a9780324828658
_qhbk
041 _aeng
082 _a343.7305 HOF
100 _aH. Hofman, William
110 _aSouth Western Federal Taxation
245 _aIndividual Income Taxes 2010 Edition
_c/edited by William H. Hofman
260 _aUSA
_bSouth Western Cengage Learning
_c2010
300 _axxii, 700p. varying pages
_c28cm.
504 _aindex
650 _aMilitary, tax, trade & industrial law
700 _aE. Smith, James
700 _aWillis, Eugene
942 _cENGLISH
999 _c620184
_d620184